| 000 | 00858nam a2200277 a 4500 | ||
|---|---|---|---|
| 001 | 000022781 | ||
| 005 | 20251114123456.0 | ||
| 008 | 101118s2001 sp 000 0 spa d | ||
| 020 | _a8485840143 | ||
| 040 |
_aDO-SdBNP _bspa _cBNPHU |
||
| 082 |
_a401 _bT254a |
||
| 100 | 1 |
_aTeberosky, Ana _946806 |
|
| 245 | 1 | 0 |
_aAprendiendo a escribir / _cAna Teberosky. |
| 250 | _a4a ed. | ||
| 260 |
_aBarcelona : _bIce-Horsori, _c2001. |
||
| 300 |
_a210 p. : _bgraf. ; _c22 cm. |
||
| 490 | 1 |
_aCuadernos de educación _vno. 8 |
|
| 500 | _aIncluye notas al pie de las páginas | ||
| 504 | _aBibliografía | ||
| 650 | 0 |
_aLENGUAJE Y LENGUAS _xENSEÑANZA _91218 |
|
| 650 | 4 |
_aLenguaje y lenguas-gramática _946808 |
|
| 650 | 4 |
_aEstructura-enseñanza _946809 |
|
| 650 | 4 |
_aFilosofía del lenguaje _911270 |
|
| 830 | 0 |
_aCuadernos de educación _n8 _946810 |
|
| 049 | _aBNPD | ||
| 999 |
_c22278 _d22278 |
||